| Tag |
First Indicator |
Second Indicator |
Subfields |
| LEADER |
00000cam a22000001i 4500 |
| 001 |
in00000012541 |
| 005 |
20151007051842.0 |
| 008 |
800115s1965 it a b 00110 ita |
| 010 |
|
|
|a 75572988
|
| 035 |
|
|
|a (OCoLC)06917154
|
| 035 |
|
|
|9 AAA5111AM
|
| 040 |
|
|
|a DLC
|c DLC
|d m.c.
|d TXA
|d UtOrBLW
|
| 043 |
|
|
|a e-it---
|
| 049 |
|
|
|a TXAM
|c [A12639202]
|
| 050 |
0 |
0 |
|a QL383.4.I8
|b T67
|
| 100 |
1 |
|
|a Tortonese, Enrico.
|
| 245 |
1 |
0 |
|a Echinodermata /
|c a cura del prof. Enrico Tortonese.
|
| 264 |
|
1 |
|a Bologna :
|b Calderini,
|c [1965]
|
| 264 |
|
4 |
|c [©1965]
|
| 300 |
|
|
|a xiii, 422 pages :
|b illustrations ;
|c 25 cm.
|
| 336 |
|
|
|a text
|b txt
|2 rdacontent
|
| 337 |
|
|
|a unmediated
|b n
|2 rdamedia
|
| 338 |
|
|
|a volume
|b nc
|2 rdacarrier
|
| 490 |
1 |
|
|a Fauna d'Italia ;
|v v. 6
|
| 504 |
|
|
|a Bibliography: pages 384-412.
|
| 500 |
|
|
|a Includes index.
|
| 650 |
|
0 |
|a Echinodermata
|z Italy.
|
| 830 |
|
0 |
|a Fauna d'Italia (Edizioni Calderini) ;
|v v. 6.
|
| 999 |
|
|
|a MARS
|
| 999 |
f |
f |
|s 79043fd7-f99a-3c13-9f20-19af91a8a26d
|i 9a070dac-7a38-364c-953b-242f16ae2ae9
|t 0
|
| 952 |
f |
f |
|p normal
|a Texas A&M University
|b College Station
|c Sterling C. Evans Library
|d Evans: Library Stacks
|t 0
|e QL383.4.I8 T67
|h Library of Congress classification
|i unmediated -- volume
|m A14812639202
|
| 998 |
f |
f |
|a QL383.4.I8 T67
|t 0
|l Evans: Library Stacks
|